000 00299nam a22001337a 4500
008 181019b xxu||||| |||| 00| 0 eng d
020 _a9780812096514
041 _aeng
080 _23rd
_a038
100 _a21
101 _aFJA
245 _a1001 Pitfalls in French
_cHeminway,A
942 _2udc
_cBK
999 _c50271
_d50271